| 000 | 00579nam a22002057a 4500 | ||
|---|---|---|---|
| 003 | LC | ||
| 005 | 20230424133415.0 | ||
| 008 | 141106b xxu||||| |||| 00| 0 eng d | ||
| 020 | _a7807300499 | ||
| 020 | _a9780142408766 | ||
| 050 | _aPS 1017 .Al355 2000 | ||
| 100 | _aAlcott, Louisa | ||
| 245 |
_aLittle women _cLouisa May Alcott |
||
| 260 |
_aUSA _bPenguin Books _c2008 |
||
| 300 |
_a777 p. _c18 cm. |
||
| 650 | _a March family (Fictitious characters) -- Fiction. | ||
| 650 | _aMothers and daughters -- Fiction. | ||
| 650 | _aNew England -- Fiction. | ||
| 942 |
_2lcc _cBK |
||
| 999 |
_c276702 _d276702 |
||